=LDR 00000nam 2200000 4500 =001 INLIS000000000019521 =005 20250410092604 =035 ##$$a 0010-061300000019521 =008 250410################b##########0#ind## =041 ##$$a Ind =082 ##$$a 398.29 =090 ##$$a 398.29, Ikr d =100 ##$$a Ikranegaram, Tira =245 1#$$a Dongeng anak sedunia, Tira Ikranegara /$c Tira Ikranegara =260 ##$$a Surabaya :$b Terbit Terang,$c 2004 =300 ##$$a 80 hlm : $b ilus ; $c 20 x 14 cm =650 #4$$a Dongeng anak =850 ##$$a NBPNMAT =084 ##$$a 398.29 IKR d =990 ##$$a 03760376 =990 ##$$a 20615149